|
|
|
|
| LEADER |
00000caa a2200000 c 4500 |
| 001 |
1640231595 |
| 003 |
DE-627 |
| 005 |
20220608131440.0 |
| 007 |
tu |
| 008 |
140827s1969 xx ||||| 00| ||ger c |
| 035 |
|
|
|a (DE-627)1640231595
|
| 035 |
|
|
|a (DE-576)412961636
|
| 035 |
|
|
|a (DE-599)BSZ412961636
|
| 040 |
|
|
|a DE-627
|b ger
|c DE-627
|e rakwb
|
| 041 |
|
|
|a ger
|
| 100 |
1 |
|
|a Amelunxen, Clemens
|d 1927-1995
|0 (DE-588)117732966
|0 (DE-627)079149537
|0 (DE-576)160068959
|4 aut
|
| 109 |
|
|
|a Amelunxen, Clemens 1927-1995
|a Amelunxen, Klemens 1927-1995
|a Amelunxen, Clemens R. 1927-1995
|
| 245 |
1 |
0 |
|a Strafjustiz und Viktimologie
|c Clemens Amelunxen
|
| 264 |
|
1 |
|c 1969
|
| 336 |
|
|
|a Text
|b txt
|2 rdacontent
|
| 337 |
|
|
|a ohne Hilfsmittel zu benutzen
|b n
|2 rdamedia
|
| 338 |
|
|
|a Band
|b nc
|2 rdacarrier
|
| 773 |
0 |
8 |
|i In
|t Kriminalistik
|d Heidelberg : C.F. Müller GmbH, Kriminalistik, 1949
|g 23(1969), 4, Seite 178-181
|w (DE-627)129489522
|w (DE-600)205902-2
|w (DE-576)014883163
|x 0023-4699
|7 nnas
|
| 773 |
1 |
8 |
|g volume:23
|g year:1969
|g number:4
|g pages:178-181
|
| 951 |
|
|
|a AR
|
| ELC |
|
|
|b 1
|
| LOK |
|
|
|0 000 xxxxxcx a22 zn 4500
|
| LOK |
|
|
|0 001 3301695108
|
| LOK |
|
|
|0 003 DE-627
|
| LOK |
|
|
|0 004 1640231595
|
| LOK |
|
|
|0 005 20251001134811
|
| LOK |
|
|
|0 008 140827||||||||||||||||ger|||||||
|
| LOK |
|
|
|0 040
|a DE-21-110
|c DE-627
|d DE-21-110
|
| LOK |
|
|
|0 689
|a s
|a Viktimologie
|
| LOK |
|
|
|0 689
|a s
|a Strafjustiz
|
| LOK |
|
|
|0 852
|a DE-21-110
|
| LOK |
|
|
|0 852 1
|m p
|9 00
|
| LOK |
|
|
|0 935
|a k110
|
| LOK |
|
|
|0 938
|k p
|
| LOK |
|
|
|0 939
|a 27-08-14
|b l01
|
| ORI |
|
|
|a SA-MARC-krimdoka001.raw
|